Statistics for Mediterranean Seas Map Quiz

Click here to take the quiz!

General Stats

  • This quiz has been taken 217 times
  • The average score is 9 of 11

Answers on the Map

Answers color-coded by a green-red scale on the quiz's map according to % correct below.
 

Answer Stats

Answer% Correct
Black Sea
94%
Aegean Sea
92%
Adriatic Sea
90%
Strait of Gibraltar
89%
Balearic Sea
87%
Sea of Azov
85%
Ionian Sea
81%
Ligurian Sea
81%
Sea of Marmara
80%
Alboran Sea
75%
Tyrrhenian Sea
75%

Score Distribution

Percentile by Number Answered

Percent of People with Each Score

Your Score History

You have not taken this quiz